000 00331pam a2200145 a 4500
020 _c
041 _h
100 _aKAVITHA REDDY
_eAuthor
245 _aTHE INDIAN SOY COOK BOOK
_cKAVITHA REDDY
_hTextual Documents
260 _bRupa & Co
300 _a106
653 _afood Producation
700 _eCo-Author
930 _a5008
999 _c232405
_d232405